000 00503ntaaa2200193 4500
003 01
005 20251027202754.0
008 0714s1973 ag 01
040 _aAR-BaBN
_bspa
_cAR-BaBN
_eaacr
_dRIC
082 _a808.1000 M58
100 _aMiguel, Raimundo de
_927851
245 _aCurso elemental teórico-práctico de retórica y poética
250 _a10 ed.
260 _aMadrid :
_bSaenz de Jubera,
_cc1922
300 _a270 p
650 _aretórica
_912317
650 _apoética
942 _cBK
999 _c22993
_d22993